7 Perso - 1 Pts Commun - Harry Potter #2 - Statistiques

Statistiques générales
  • Ce quiz a été pris 581 fois
  • Le résultat moyen est 4 sur 7
Statistiques - réponses
Personnages % Correct
Severus Rogue
95%
Albus Dumbledore
88%
Minerva McGonagall
81%
Directeurs de Poudlard
68%
Phineas Black
46%
Armando Dippet
40%
Everard
10%
Aucun quiz correspondant
Distribution des résultats
% des personnes avec chaque résultat
Percentile par nombre de réponses
Votre historique - résultats
Vous n’avez pas pris ce quiz